000 00696nam a2200253Ia 4500
003 OSt
005 20220926005428.0
006 a|||||r|||| 00| 0
007 ta
008 220923b |||||||| |||| 00| 0 eng d
020 _a9788131502740
037 _cGeneral Book
040 _aRTL
_cRTL
_beng
041 _2eng
_aeng
082 _aX7, P5
100 _aHYMAN David N
_9129055
245 0 _aPublic finance
_b A contemporary application of theory to policy
250 _a8th
260 _a New Delhi
_bSouth-Western
_c2005
300 _axxi, 741p
_ccm.
500 _aGlossary - 732-748p
942 _hX7, P5
_cGB
_2CC
999 _c613820
_d613820